|
|
|
|
| LEADER |
00000nam0a2200000 4500 |
| 001 |
203167 |
| 005 |
20231101225132.0 |
| 010 |
|
|
|a 9785989863860
|
| 010 |
|
|
|a 978-5-271-27621-7
|
| 035 |
|
|
|a (RuTPU)RU\TPU\book\221387
|
| 090 |
|
|
|a 203167
|
| 100 |
|
|
|a 20111031d2010 km y0rusy50 ca
|
| 101 |
0 |
|
|a rus
|
| 102 |
|
|
|a RU
|
| 105 |
|
|
|a y z 000zy
|
| 200 |
1 |
|
|a Афоризмы: Серебряный век
|f сост. В. Г. Носков
|
| 210 |
|
|
|a Москва
|c Астрель
|c Мир энциклопедий Аванта
|d 2010
|
| 215 |
|
|
|a 224 с.
|
| 225 |
1 |
|
|a Афористика
|
| 330 |
|
|
|a Предлагаемый читателю сборник — продолжение вышедшей в 2010 г. книги "Афоризмы русской классики. Золотой век". Это собрание изречений, а порой и весьма обширных цитат, проясняющих уникальность духовной ситуации, сложившейся в России на рубеже XIX—XX веков — времени, когда стране "было послано много даров".
|
| 606 |
1 |
|
|a Афоризмы
|2 stltpush
|3 (RuTPU)RU\TPU\subj\29817
|9 53074
|
| 610 |
1 |
|
|a цитаты
|
| 610 |
1 |
|
|a изречения
|
| 610 |
1 |
|
|a Серебряный век
|
| 610 |
1 |
|
|a Россия
|
| 610 |
1 |
|
|a мудрые мысли
|
| 675 |
|
|
|a 811
|v 3
|
| 702 |
|
1 |
|a Носков
|b В. Г.
|4 220
|
| 801 |
|
1 |
|a RU
|b 63413507
|c 20111031
|
| 801 |
|
2 |
|a RU
|b 63413507
|c 20111108
|g RCR
|
| 942 |
|
|
|c BK
|